000 00453nam a2200193Ia 4500
005 20250603144622.0
008 250603s9999 xx 000 0 und d
020 _a9781292022260
050 _aQH 323.5 .N46/
100 _aNeuhauser, Claudia
245 0 _aCalculus for biology and medicine
250 _a3rd ed.
260 _aUnited States
260 _bPearson
260 _c2014
300 _a702 p
650 _aUnited States
942 _cBK
999 _c39452
_d39452